Combination therapy of colorectal carcinoma

Bibliographic Details
Main Authors: Vokurka, Jiří, 1952- (Author), Spurný, Vladimír (Author), Kabela, M. (Author)
Format: Article
Language:Slovak
English
PhysicalDescription:Obr.
ISSN:0006-9248
Subjects:

MARC

LEADER 00000nab a2200000 a 4500
001 vtls008875778
003 SK-MaSNL
005 20260304144921.0
008 250505c2005 xo 0 slo
015 |a SNBCL2005/5 
035 |a SLK036991 
035 |a urn:nbn:sk:snk-abyib 
035 |a (urnnbn)urn:nbn:sk:snk:ar-a03ik4 
035 |a (uuid)453dc18d-022f-4dcf-b785-0d767badc1a3 
040 |a SNKBUCL  |b slo  |c SNKBUCL  |e AACR2 
041 0 |a eng  |b eng 
044 |a xo  |c SK 
080 |a 616.348/.351-006.6-08  |2 1981 
100 1 |a Vokurka, Jiří,  |d 1952-  |4 aut  |9 137724 
245 1 0 |a Combination therapy of colorectal carcinoma  |c J. Vokurka, V. Spurný, M. Kabela 
300 |b Obr. 
504 |a Res. angl. 
504 |a Bibliogr. odkazy 
650 0 7 |a nádory kolorektálne  |x rádioterapia  |2 MESH  |9 1466909 
650 0 7 |a karcinóm  |x patofyziológia  |2 MESH  |9 1466910 
650 0 7 |a terapia kombinovanými metódami  |x metódy  |2 MESH  |9 1466911 
700 1 |a Spurný, Vladimír  |4 aut  |u Oddělení radiační onkologie FN U sv. Anny, Brno  |9 1466912 
700 1 |a Kabela, M.  |4 aut  |u Masarykova Univerzita, Brno  |9 1139450 
773 0 |t Bratislavské lekárske listy  |g Vol. 106, no. 12 (2005), s. 416-420  |x 0006-9248 
850 |a Slovenská národná knižnica 
852 |a Slovenská národná knižnica 
958 |a article27 
958 |a OND 
958 |a EUIPO 
999 |c 2933878  |d 2935808